00476nam a2200157 i 450000100060000000300090000600500170001500700030003200800410003510000320007624500950010826000430020330000220024670000290026885200210029757233ES-MaACL20230906163534.0t|031015s1934 fr ||||1| fre d1 aDixelius von Aster, Hildur.10aSara-Alelia / cHildur Dixelius von Aster ; traduit du suedois par Anne-Marie des Courtis. aParis : b[s.n.], c1934 (fA. Cahors) a285 p. ; c19 cm.1 aCourtis, Anne-Marie des. aES-MaACLjA-3003